Memoria del Noveno Congreso de la Asociación de Academias de la Lengua Española.

Gespeichert in:
Bibliographische Detailangaben
Format: Unbekannt
Sprache:Spanish
Veröffentlicht: San José, Costa Rica : Editorial Respuesta, 1990.
Schlagworte:
Tags: Tag hinzufügen
Keine Tags, Fügen Sie den ersten Tag hinzu!

MARC

LEADER 000000000a22000000004500
001 003104
041 0 |a spa 
082 0 4 |a 460   |d C749m 
245 0 0 |a Memoria del Noveno Congreso de la Asociación de Academias de la Lengua Española. 
260 1 |a San José, Costa Rica :   |b Editorial Respuesta,   |c 1990. 
300 |a 369 páginas ;   |c 28 cm. 
650 4 |a ASOCIACION DE ACADEMIAS DE LA LENGUA ESPAÑOLA 
650 4 |a ESPAÑOL 
650 4 |a CONGRESOS 
650 4 |a CONFERENCIAS 
999 |c 9408  |d 9408 
942 |c BK  |h 460   |2 z